Представление документа в формате MARC21

ПолеНазваниеЗначение
  Тип записи a
  Библиографический уровень m
001 Контрольный номер BIBLIOCLUB\0000274255
005 Дата корректировки 20220829112500.9
006 m o d
007 Элементы данных для физической характеристики c|||||||||||||
008 Кодируемые данные s2012 rus o rus d
041 Код языка издания 0_
a Код языка текста rus
084 Индекс другой классификации/Индекс ББК __
a Индекс другой классификации/Индекс ББК 60.842.6я73
b Номер единицы LBC/PL
2 Источник индекса rubbk
245 Заглавие 10
a Заглавие Связи с общественностью и реклама
b Продолж. заглавия учебно-методический комплекс
c Ответственность сост. С. В. Савкина
c Ответственность Кемеровский государственный университет культуры и искусств
c Ответственность Институт информационных и библиотечных технологий
c Ответственность Кафедра технологии документальных коммуникаций
n Номер части/ раздела Ч. 1
p Название части/ раздела Рекламоведение
260 Выходные данные __
a Место издания Кемерово
b Издательство Кемеровский государственный университет культуры и искусств (КемГУКИ)
c Дата издания 2012
300 Физическое описание __
a Объем 40 с.
b Иллюстрации/ тип воспроизводства табл.
653 Ключевые слова 1_
a Ключевые слова Учебник для высшей школы
702 _1
a Савкина
b С. В.
4 220
856 Электронный адрес документа 40
3 Область применения данных поля Университетская библиотека ONLINE
u URL https://biblioclub.ru/index.php?page=book&id=274255